00676nam a2200217Ia 450000500170000000800410001704000190005804100120007708200180008910000160010724500440012326000350016730000160020250400400021865000200025865100280027885000100030694200070031699900170032395201180034020240316095027.0131103s9999 xx 000 0 und d aLoreto College aEnglish a374.954 bANS aAnsari,N.A. aAdult Education in India, cN.A.Ansari aNew DelhibS.Chand & Co.c1984 axii,168 p.  aIncludes bibliographical references aAdult Education aIndia - Adult Education aLCLIB cBK c10656d61135 00102ddc4070aMAINbMAINd2013-11-04l2o374.954 ANS 28689pB10543r2017-09-01s2017-09-01w2013-11-04yBKf